000 00686nam a2200205 a 4500
001 000951295
003 AM-YeHGA
005 20250617145906.0
008 130312s1974 ru r 000 0 rus d
040 _aAM-YeHGA
041 1 _arus
_hscc
100 1 _aКош, Эрих
245 1 0 _aРассказы :
_bБольшой Мак : Повесть; Сети : Роман : Пер. с сербо.-хорв. /
_cЭрих Кош.
260 _aМосква :
_bПрогресс,
_c1974.
300 _a462 с.
440 0 _aМастера современной прозы
_pЮгославия
653 0 _aСербская литература
740 0 2 _aСети
090 _c321912
999 _c320177
_d320177